000 00611nam a2200229 a 4500
001 2983
003 BD-RjUL
005 20211208233644.0
008 160622s1954 un |||| |||| 001 0 eng d
035 _a(BD-RjUL)3011
040 _aBD-RjUL
_beng
_cBD-RjUL
_dBD-RjUL
041 _aeng
082 0 4 _a331.15
_bPEH 1954
_223
100 _aPerry, John
_99500
245 _aHuman Relationsd in Small Industry /
_cJohn Perry
250 _a1st ed.
260 _aLondon :
_bMcGraw-hill,
_c1954,
300 _axi, 311p. ;
_c21cm.
500 _aIncludes Index
650 0 7 _2SLSH
_aHuman Relationsd
_99501
942 _2ddc
_cBK
999 _c2983
_d2983